<?xml version="1.0" encoding="UTF-8"?><?xml-stylesheet type="text/xsl" href="static/style.xsl"?><OAI-PMH xmlns="http://www.openarchives.org/OAI/2.0/" xmlns:xsi="http://www.w3.org/2001/XMLSchema-instance" xsi:schemaLocation="http://www.openarchives.org/OAI/2.0/ http://www.openarchives.org/OAI/2.0/OAI-PMH.xsd"><responseDate>2026-04-17T03:01:55Z</responseDate><request verb="GetRecord" identifier="oai:www.recercat.cat:10256/18502" metadataPrefix="marc">https://recercat.cat/oai/request</request><GetRecord><record><header><identifier>oai:recercat.cat:10256/18502</identifier><datestamp>2024-06-13T09:52:49Z</datestamp><setSpec>com_2072_453036</setSpec><setSpec>com_2072_2054</setSpec><setSpec>col_2072_453040</setSpec></header><metadata><record xmlns="http://www.loc.gov/MARC21/slim" xmlns:dcterms="http://purl.org/dc/terms/" xmlns:xsi="http://www.w3.org/2001/XMLSchema-instance" xmlns:doc="http://www.lyncode.com/xoai" xsi:schemaLocation="http://www.loc.gov/MARC21/slim http://www.loc.gov/standards/marcxml/schema/MARC21slim.xsd">
   <leader>00925njm 22002777a 4500</leader>
   <datafield ind2=" " ind1=" " tag="042">
      <subfield code="a">dc</subfield>
   </datafield>
   <datafield ind2=" " ind1=" " tag="720">
      <subfield code="a">Godo Pla, Lluís</subfield>
      <subfield code="e">author</subfield>
   </datafield>
   <datafield ind2=" " ind1=" " tag="720">
      <subfield code="a">Suquet Masó, Jordi</subfield>
      <subfield code="e">author</subfield>
   </datafield>
   <datafield ind2=" " ind1=" " tag="720">
      <subfield code="a">Emiliano, Pere</subfield>
      <subfield code="e">author</subfield>
   </datafield>
   <datafield ind2=" " ind1=" " tag="720">
      <subfield code="a">Valero, Fernando</subfield>
      <subfield code="e">author</subfield>
   </datafield>
   <datafield ind2=" " ind1=" " tag="720">
      <subfield code="a">Poch, Manuel</subfield>
      <subfield code="e">author</subfield>
   </datafield>
   <datafield ind2=" " ind1=" " tag="720">
      <subfield code="a">Monclús Sales, Hèctor</subfield>
      <subfield code="e">author</subfield>
   </datafield>
   <datafield ind2=" " ind1=" " tag="260">
      <subfield code="c">2018</subfield>
   </datafield>
   <datafield ind2=" " ind1=" " tag="520">
      <subfield code="a">Comunicació de congrés presentada a: XIII Congreso Español de Tratamiento de Aguas: META 2018, celebrat a León, del 18 a 20 de juny de 2018. https://www.aguasresiduales.info/revista/noticias/todo-listo-para-el-xiii-congreso-espanol-de-tratamiento-de-aguas-meta-2018-en-leon-oN3DI</subfield>
   </datafield>
   <datafield ind2=" " ind1=" " tag="520">
      <subfield code="a">La gestión de las estaciones de tratamiento de aguas potables (ETAPs) está aumentando su complejidad debido a la incorporación de&#xd;
nuevas tecnologías para hacer frente a una legislación cada vez más restrictiva. La gran cantidad de datos generados en las ETAPs&#xd;
permitiría el desarrollo de modelos basados en datos y a su vez, la experiencia de sus gestores, el desarrollo de modelos basados en&#xd;
conocimiento que, fácilmente podrían ser integrados en un sistema de ayuda a la decisión (SAD). Los SAD son herramientas del&#xd;
campo de la inteligencia artificial (IA) que reducen el tiempo de la toma de decisiones complejas a la vez que las hacen más robustas y&#xd;
objetivas. Este estudio se centra en el desarrollo e implementación de un SAD en la ETAP del Llobregat (Abrera, Barcelona) para&#xd;
objetivar la toma de decisiones en la gestión hidráulica de la ETAP y la optimización de las operaciones unitarias. La ETAP del&#xd;
Llobregat (gestionada por ATLL) es una estación híbrida que incluye la tecnología de electrodiálisis reversible (EDR) como parte en su&#xd;
tratamiento incrementando el coste pero mejorando la calidad del agua tratada. La decisión del porcentaje de agua que debe ser&#xd;
tratada por EDR es compleja y multi-paramétrica debido a los diferentes agentes que intervienen en esta toma de decisiones, siendo la&#xd;
meteorología, legislación, distribución y la calidad de entrada los más relevantes. Diferentes modelos matemáticos se han comparado y&#xd;
ajustado incorporándose en el SAD. Los modelos de redes neuronales y los de lógica difusa, juntamente con reglas supervisoras han&#xd;
permitido que el SAD se ajuste de forma satisfactoria y actualmente ya está implementado en los sistemas de información y&#xd;
seguimiento de ATLL, siendo una herramienta útil de consulta regular y diaria para los gestores y operadores de la ETAP</subfield>
   </datafield>
   <datafield ind1="8" ind2=" " tag="024">
      <subfield code="a">http://hdl.handle.net/10256/18502</subfield>
   </datafield>
   <datafield tag="653" ind2=" " ind1=" ">
      <subfield code="a">Aigua -- Depuració -- Congressos</subfield>
   </datafield>
   <datafield tag="653" ind2=" " ind1=" ">
      <subfield code="a">Water -- Purification -- Congresses</subfield>
   </datafield>
   <datafield tag="653" ind2=" " ind1=" ">
      <subfield code="a">Sistemes d'ajuda a la decisió -- Congressos</subfield>
   </datafield>
   <datafield tag="653" ind2=" " ind1=" ">
      <subfield code="a">Decision support systems -- Congresses</subfield>
   </datafield>
   <datafield tag="653" ind2=" " ind1=" ">
      <subfield code="a">Aigua potable -- Congressos</subfield>
   </datafield>
   <datafield tag="653" ind2=" " ind1=" ">
      <subfield code="a">Drinking water -- Congresses</subfield>
   </datafield>
   <datafield tag="653" ind2=" " ind1=" ">
      <subfield code="a">Intel·ligència artificial -- Congressos</subfield>
   </datafield>
   <datafield tag="653" ind2=" " ind1=" ">
      <subfield code="a">Artificial intelligence -- Congresses</subfield>
   </datafield>
   <datafield ind2="0" ind1="0" tag="245">
      <subfield code="a">Proyecto DrinkIA: desarrollo, implementación y validación de un Sistema de Ayuda a la Decisión para el tratamiento de aguas potables</subfield>
   </datafield>
</record></metadata></record></GetRecord></OAI-PMH>